Saglam (t/a Jenny's Restaurant) v Docklands Light Railway Ltd (Record no. 80110)
[ view plain ]
| 000 -LEADER | |
|---|---|
| fixed length control field | 01782cad a22002055a 4500 |
| 001 - CONTROL NUMBER | |
| control field | L143245 |
| 008 - FIXED-LENGTH DATA ELEMENTS--GENERAL INFORMATION | |
| fixed length control field | 080418e20071107xxk f v 000 0 eng d |
| 035 ## - SYSTEM CONTROL NUMBER | |
| System control number | (Sirsi) u143245 |
| 041 0# - LANGUAGE CODE | |
| Language code of text/sound track or separate title | eng |
| 245 00 - TITLE STATEMENT | |
| Title | Saglam (t/a Jenny's Restaurant) v Docklands Light Railway Ltd |
| Medium | [electronic resource] |
| 260 ## - PUBLICATION, DISTRIBUTION, ETC. | |
| Date of publication, distribution, etc. | 2007 |
| 520 ## - SUMMARY, ETC. | |
| Summary, etc. | ACQ/182/2006. The Lands Tribunal had to determine the amount of compensation payable by a railway company (D) for the compulsory acquisition of the claimant's (S) retail premises. The basis was on rent analysis of other leasehold premises in the area, as well as the value added by the property's good location in a town centre, and established goodwill. Held: D's evidence generally preferred. It was not appropriate to make any deductions from a profit rent since a purchaser would be expected to pay the seller the face-value of such a benefit. However, a prospective purchaser would be likely to pay a premium for a prime location. The EBITDA (earnings before interest, taxes and depreciation and amortisation) approach was not the correct multiplier for this type of business, but the reported net profit, with a deduction. It was wrong to include the value of the leasehold interest and capitalised legal fees in the actual written-down value of equipment. [NB. Transcript unclear on the penultimate point]. |
| 590 ## - LOCAL NOTE (RLIN) | |
| Local note | KA |
| 650 24 - SUBJECT ADDED ENTRY--TOPICAL TERM | |
| Topical term or geographic name entry element | SAGLAM (T/A JENNY'S RESTAURANT) V DOCKLANDS LIGHT RAILWAY LTD |
| 650 24 - SUBJECT ADDED ENTRY--TOPICAL TERM | |
| Topical term or geographic name entry element | KLEIN V LONDON UNDERGROUND LTD |
| 651 #4 - SUBJECT ADDED ENTRY--GEOGRAPHIC NAME | |
| Geographic name | England and Wales |
| Chronological subdivision | 1543- |
| 690 ## - LOCAL SUBJECT ADDED ENTRY--TOPICAL TERM (OCLC, RLIN) | |
| Topical term or geographic name as entry element | ENVIRONMENTAL AND LAND CONSULTANCY-PLANNING AND DEVELOPMENT-COMPULSORY PURCHASE AND COMPENSATION |
| 856 40 - ELECTRONIC LOCATION AND ACCESS | |
| Uniform Resource Identifier | <a href="https://www.bailii.org/ew/cases/EWLands/2007/ACQ_182_2006.html">https://www.bailii.org/ew/cases/EWLands/2007/ACQ_182_2006.html</a> |
| Public note | View the judgment free of charge at www.bailii.org... |
| 942 ## - ADDED ENTRY ELEMENTS (KOHA) | |
| Suppress in OPAC | 0 |
| Withdrawn status | Lost status | Source of classification or shelving scheme | Damaged status | Not for loan | Home library | Current library | Shelving location | Date acquired | Total Checkouts | Full call number | Barcode | Date last seen | Copy number | Price effective from | Koha item type |
|---|---|---|---|---|---|---|---|---|---|---|---|---|---|---|---|
| Dewey Decimal Classification | Virtual | Virtual | Online | 18/04/2008 | ONLINE PUBLICATION | 143245-1001 | 06/08/2019 | 1 | 06/08/2019 | Law report |